00371nam a2200097Ia 4500008004100000245014000041264004500181500000600226690002400232999001700256180225s1990 CNT 000 0 und d10aDer Orientmaler Gustav Bauernfeind, 1848-1904, Leben und Werk = The Life and Work of Gustav Bauernfeind, Orientalist Painter, 1848-1904 0aStuttgart : bDr. Ernst Hauswedellc1990 a- aBAUERNFEIND, GUSTAV c11916d11916